Moyens de transmission dans Plague Inc. - Statistiques

Statistiques générales
  • Ce quiz a été pris 6 fois
  • Le résultat moyen est 11 sur 17
Statistiques - réponses
Réponse % Correct
Air 1
100%
Air 2
100%
Eau 1
100%
Eau 2
100%
Moustique 1
100%
Moustique 2
100%
Rats 1
80%
Rats 2
80%
Pigeon 1
60%
Pigeon 2
60%
Sang 1
60%
Sang 2
60%
Bétail 1
40%
Bétail 2
40%
Bio-Aérosol Extrême
20%
Hémophagie Extrême
20%
Zoonose Extrême
20%
Aucun quiz correspondant
Distribution des résultats
% des personnes avec chaque résultat
Percentile par nombre de réponses
Votre historique - résultats
Vous n’avez pas pris ce quiz